| Tag |
First Indicator |
Second Indicator |
Subfields |
| LEADER |
00000cam a2200000 4500 |
| 001 |
in00000034510 |
| 005 |
20151007061931.0 |
| 008 |
760311s1880 gau 00011 engm |
| 010 |
|
|
|a 08002906
|
| 035 |
|
|
|a (OCoLC)02044565
|
| 035 |
|
|
|9 AAD3515AM
|
| 040 |
|
|
|a DLC
|c ABC
|d ABC
|d TXA
|d UtOrBLW
|
| 049 |
|
|
|a TXAM
|c [351436]
|
| 050 |
0 |
0 |
|a PZ3.S4295
|b S
|
| 090 |
|
|
|a PS2794.S42
|b S68 1880
|
| 092 |
|
|
|a 813
|b S429s
|
| 100 |
1 |
|
|a Scott, Sutton Selwyn,
|d 1829-1907.
|
| 245 |
1 |
0 |
|a Southbooke /
|c by Sutton S. Scott ...
|
| 264 |
|
1 |
|a Columbus, Ga. :
|b T. Gilbert, printer,
|c 1880.
|
| 300 |
|
|
|a 5 pages ., 259 pages ;
|c 20 cm.
|
| 336 |
|
|
|a text
|b txt
|2 rdacontent
|
| 337 |
|
|
|a unmediated
|b n
|2 rdamedia
|
| 338 |
|
|
|a volume
|b nc
|2 rdacarrier
|
| 505 |
0 |
|
|a The Rose of Alabama.--Christmas.--The Confederate soldier.--Agricultural democracy.--The rebel dead.--The Southern planter.--The strength of a state.--Memorial day.--Random recollections.--The backwoodsman.--Theodoric Burnside.--Under the magnolia.
|
| 999 |
|
|
|a MARS
|
| 999 |
f |
f |
|s 697c2974-15e7-3c59-84c7-3e58160a12d5
|i 2e36290b-1d04-30ff-a922-53499e1d79b5
|t 0
|
| 952 |
f |
f |
|p ric
|a Texas A&M University
|b Rellis Campus
|c Joint Library Facility
|d Remote Storage
|t 0
|e PS2794.S42 S68 1880
|h Library of Congress classification
|i unmediated -- volume
|m A14801250029
|
| 998 |
f |
f |
|a PS2794.S42 S68 1880
|t 0
|l Remote Storage
|